| 000 | 00728nam a2200193Ia 4500 | ||
|---|---|---|---|
| 008 | 090123s9999 xx 000 0 und d | ||
| 082 |
_b35110 _a891.463/हुद्दार |
||
| 100 | _aजेम्स हॅडले चेस | ||
| 245 | _aकोरल कोव्हचं रहस्य | ||
| 250 | _a1 | ||
| 260 |
_bनंदादीप बुक सर्व्हिस _c2003 |
||
| 300 | _a181 | ||
| 600 | _aजेम्स हॅडले चेस | ||
| 630 | _aकोरल कोव्हचं रहस्य | ||
| 700 | _aहुद्दार मधुकर | ||
| 700 | _aजेम्स हॅडले चेस | ||
| 730 | _aकोरल कोव्हचं रहस्य | ||
| 942 | _cBOOK | ||
| 999 |
_c73175 _d73175 |
||